Sarcoidosis. (Record no. 4700)

MARC details
000 -LEADER
fixed length control field 00512nam a22001937a 4500
003 - CONTROL NUMBER IDENTIFIER
control field OSt
005 - DATE AND TIME OF LATEST TRANSACTION
control field 20160711181427.0
008 - FIXED-LENGTH DATA ELEMENTS--GENERAL INFORMATION
fixed length control field 160711b xxu||||| |||| 00| 0 eng d
020 ## - INTERNATIONAL STANDARD BOOK NUMBER
International Standard Book Number 9780340992111
040 ## - CATALOGING SOURCE
Transcribing agency DNLM.
082 ## - DEWEY DECIMAL CLASSIFICATION NUMBER
Classification number QZ140572d 2012.
100 ## - MAIN ENTRY--PERSONAL NAME
Personal name Donald,N.Mitchell;[et....al.]
9 (RLIN) 10107
245 ## - TITLE STATEMENT
Title Sarcoidosis.
260 ## - PUBLICATION, DISTRIBUTION, ETC. (IMPRINT)
Place of publication, distribution, etc. UK.
Name of publisher, distributor, etc. Dodder Arnold.
Date of publication, distribution, etc. 2012.
300 ## - PHYSICAL DESCRIPTION
Extent xiv,472p;
Other physical details ill;
Dimensions 28cm
504 ## - BIBLIOGRAPHY, ETC. NOTE
Bibliography, etc references and index are included.
650 ## - SUBJECT ADDED ENTRY--TOPICAL TERM
Topical term or geographic name as entry element Sarcoidosis.
9 (RLIN) 10108
942 ## - ADDED ENTRY ELEMENTS (KOHA)
Source of classification or shelving scheme Other/Generic Classification Scheme
Koha item type Open Shelf
Holdings
Withdrawn status Lost status Source of classification or shelving scheme Damaged status Not for loan Home library Current library Date acquired Source of acquisition Inventory number Total Checkouts Full call number Barcode Date last seen Price effective from Koha item type
    Other/Generic Classification Scheme     MUST Main Library MUST Main Library 11/07/2016   14/37575   QZ140572d 2012. 2016-3103 11/07/2016 11/07/2016 Open Shelf
    Other/Generic Classification Scheme     MUST Main Library MUST Main Library 11/07/2016   14/37576   QZ140572d 2012. 2016-3105 11/07/2016 11/07/2016 Open Shelf
    Other/Generic Classification Scheme     MUST Main Library MUST Main Library 11/07/2016   14/37377   QZ140572d 2012. 2016-3106 11/07/2016 11/07/2016 Open Shelf